000 00630nam a2200205Ia 4500
001 66773
003 OSt
005 20160504104454.0
008 150514s9999 xx 000 0 und d
020 _aNA
040 _cPK-LaUMT
082 _a 158.1
_bAGA-M
100 _aAgarwal, Mridula
245 _a(مثبت سوچ اور کامیابی)Musbat soch aur kamyabi (Urdu)
_c(اگروال، )(شکیل احمد)Agarwal, Mridula|Shakil Ahmad
260 _a(لاہور،پاکستان)Lahore,Pakistan:
_b(دی بک ھاوس)The Book House,
_c2014
300 _a104 p.
546 _aUR
700 _aShakil Ahmad
942 _cBK
_2ddc
999 _c71603
_d71603